[Event "It"]
[Site "masterchessopen.com – Hollywood (USA)"]
[Round "0"]
[White "Gligoric Svetozar (SRB)"]
[Black "Joyner Lionel (CAN)"]
[Result "1-0"]
[WhiteElo "2447"]
[BlackElo "2240"]

1.d4 e6 2.Nf3 Nf6 3.c4 b6 4.e3 Bb7 5.Bd3 c5 6.O-O Nc6 7.Nc3 Be7 8.b3 O-O 9.Bb2
cxd4 10.exd4 d5 11.Qe2 dxc4 12.bxc4 Nxd4 13.Nxd4 Qxd4 14.Nd5 Qc5 15.Bxf6 gxf6
16.Qg4+ Kh8 17.Qh4 f5 18.Nxe7 Qe5 19.c5 bxc5 20.Bb5 {#r} 1-0

[Event "Tournament"]
[Site "masterchessopen.com – Leningrad (Russia)"]
[Round "0"]
[White "Krogius Nikolai V (RUS)"]
[Black "Levin Naum L (AUS)"]
[Result "1-0"]
[WhiteElo "2485"]
[BlackElo "2420"]

1.d4 Nf6 2.c4 e6 3.Nf3 b6 4.e3 Bb7 5.Bd3 Be7 6.O-O O-O 7.Nc3 d5 8.b3 Nbd7
9.Bb2 Rc8 10.Qe2 c5 11.Rfd1 Qc7 12.Rac1 Qb8 13.cxd5 Nxd5 14.Nxd5 Bxd5 15.e4
Bb7 16.d5 exd5 17.exd5 Bf6 18.Rc4 g6 19.Rh4 Rfe8 20.Qd2 Bxb2 21.Qxb2 Ne5
22.Ng5 h5 23.Bb5 Red8 24.Re4 Ng4 25.Rxg4 hxg4 26.Qf6 {#r} 1-0

[Event "Memorial M.Chigorin"]
[Site "masterchessopen.com – Sochi (Russia)"]
[Round "6"]
[White "Antoshin Vladimir S (RUS)"]
[Black "Bobotsov Milko G (BUL)"]
[Result "1-0"]
[WhiteElo "2250"]
[BlackElo "2405"]

1.d4 Nf6 2.c4 e6 3.Nf3 b6 4.e3 Bb7 5.Nc3 Be7 6.Bd3 d5 7.b3 O-O 8.O-O c5 9.Bb2
Nc6 10.Rc1 Rc8 11.Qe2 cxd4 12.exd4 g6 13.Qe3 Re8 14.h3 Bf8 15.Rfe1 Bg7 16.Ba3
e5 17.Nxd5 Nxd5 18.cxd5 Nxd4 19.Nxd4 Rxc1 20.Bxc1 {#r} 1-0

[Event "Ch Bulgaria"]
[Site "masterchessopen.com – Sofia (Bulgaria)"]
[Date "1966.03.07"]
[Round "12"]
[White "Bobotsov Milko G (BUL)"]
[Black "Spassov Liuben (BUL)"]
[Result "1-0"]
[WhiteElo "2405"]
[BlackElo "2367"]

1.d4 Nf6 2.c4 e6 3.Nf3 b6 4.e3 Bb7 5.Bd3 d5 6.O-O Bd6 7.Nc3 O-O 8.cxd5 exd5
9.Ne5 Re8 10.f4 c5 11.Bd2 a6 12.Be1 cxd4 13.exd4 Nc6 14.Bf2 Nb4 15.Bb1 Ne4
16.a3 f6 17.axb4 fxe5 18.fxe5 Be7 19.Nxe4 dxe4 20.Qe2 Bc6 21.Bxe4 Bb5 22.Qh5
{#r} 1-0

[Event "corr."]
[Site "masterchessopen.com – BRD"]
[Round "0"]
[White "Vossen Klaus (GER)"]
[Black "Werner Clemens (GER)"]
[Result "1-0"]
[WhiteElo "2233"]
[BlackElo "2324"]

1.d4 Nf6 2.c4 e6 3.Nf3 b6 4.e3 Bb7 5.Bd3 d5 6.O-O Bd6 7.b3 O-O 8.Bb2 Ne4 9.Nc3
Nd7 10.Rc1 a6 11.Ne2 f5 12.Ne5 Qe7 13.Nxd7 Qxd7 14.f3 Nf6 15.c5 Be7 16.Qc2
bxc5 17.dxc5 Bc6 18.a4 Qc8 19.b4 Be8 20.b5 axb5 21.axb5 Nd7 22.c6 Nc5 23.Be5
g5 24.Ra1 Rxa1 25.Rxa1 Nxd3 26.Qxd3 {#r} 1-0

[Event "Olympiad"]
[Site "masterchessopen.com – Siegen (Germany)"]
[Round "14"]
[White "McKay Roderick M (SCO)"]
[Black "Belkadi Ridha (TUN)"]
[Result "1-0"]
[WhiteElo "2376"]
[BlackElo "2345"]

1.d4 Nf6 2.c4 e6 3.Nf3 b6 4.e3 Bb7 5.Bd3 d5 6.O-O Be7 7.b3 O-O 8.Bb2 c5 9.Nc3
Nc6 10.Rc1 Rc8 11.Qe2 cxd4 12.exd4 dxc4 13.bxc4 Nxd4 14.Nxd4 Qxd4 15.Nd5 Qc5
16.Bxf6 gxf6 17.Nxe7+ Qxe7 18.Qg4+ {#r} 1-0

[Event "?"]
[Site "masterchessopen.com – URS"]
[Round "0"]
[White "Zhidkov Valery S (UKR)"]
[Black "Gulko Boris F (USA)"]
[Result "1-0"]
[WhiteElo "2331"]
[BlackElo "2535"]

1.d4 Nf6 2.c4 e6 3.Nf3 b6 4.e3 Bb7 5.Bd3 Be7 6.O-O O-O 7.b3 d5 8.Bb2 c5 9.Nc3
Nc6 10.Rc1 cxd4 11.exd4 Rc8 12.Re1 Nb4 13.Bf1 Ne4 14.a3 Nxc3 15.Rxc3 Nc6
16.cxd5 Qxd5 17.Bc4 Qd6 18.d5 Na5 19.Nd4 Bxd5 20.Nb5 Qd7 21.Rh3 f6 22.Bd3 g6
23.Rxh7 Be4 24.Rxe4 Kxh7 25.Rd4 Qe8 26.Qh5+ {#r} 1-0

[Event "Memorial J.Capablanca (a)"]
[Site "masterchessopen.com – Cienfuegos (Cuba)"]
[Round "14"]
[White "Garcia Gonzales Guillermo (CUB)"]
[Black "Gulko Boris F (USA)"]
[Result "0-1"]
[WhiteElo "2475"]
[BlackElo "2530"]

1.Nf3 Nf6 2.c4 b6 3.d4 e6 4.e3 Bb7 5.Bd3 d5 6.O-O Bd6 7.Nc3 O-O 8.b3 Nbd7
9.Bb2 a6 10.Qe2 Ne4 11.Rfd1 Qf6 12.Nd2 Qh6 13.Nf1 f5 14.f3 Ng5 15.a4 Kh8
16.Ba3 Bxa3 17.Rxa3 f4 18.e4 c5 19.Bb1 cxd4 20.Rxd4 Qf6 21.Qf2 Ne5 22.Nd2 Nc6
23.Rd3 d4 24.Ne2 Rad8 25.Nf1 Ne5 26.Rxd4 Nexf3+ {#R} 0-1

[Event "It"]
[Site "masterchessopen.com – Dubna (Russia)"]
[Round "0"]
[White "Averkin Orest N (RUS)"]
[Black "Barczay Laszlo (HUN)"]
[Result "1-0"]
[WhiteElo "2376"]
[BlackElo "2485"]

1.d4 Nf6 2.c4 e6 3.Nf3 b6 4.e3 Bb7 5.Bd3 Bb4+ 6.Nbd2 O-O 7.O-O d5 8.a3 Be7
9.b4 c5 10.bxc5 bxc5 11.Rb1 Ba6 12.Ne5 cxd4 13.exd4 Qc7 14.Qa4 Nfd7 15.Ndf3
Nxe5 16.Nxe5 f6 17.cxd5 Bb7 18.Bf4 Bxd5 19.Ng6 Qd7 20.Qxd7 {#r} 1-0

[Event "?"]
[Site "masterchessopen.com – Lone Pine (USA)"]
[Round "0"]
[White "Frey Kenneth (MEX)"]
[Black "Tisdall Jonathan D (NOR)"]
[Result "1-0"]
[WhiteElo "2384"]
[BlackElo "2410"]

1.d4 Nf6 2.Nf3 e6 3.c4 b6 4.e3 Bb7 5.Bd3 Be7 6.Nc3 d5 7.O-O O-O 8.Qe2 c5
9.dxc5 Bxc5 10.Rd1 dxc4 11.Bxh7+ Kxh7 12.Rxd8 Rxd8 13.e4 Kg8 14.Bg5 Rc8
15.Bxf6 gxf6 16.Rd1 Na6 17.e5 {#r} 1-0

[Event "Olympiad URS"]
[Site "masterchessopen.com – Moscow (Russia)"]
[Round "3"]
[White "Litynska Marta (UKR)"]
[Black "Samaganova Bakita (RUS)"]
[Result "1-0"]
[WhiteElo "2326"]
[BlackElo "2135"]

1.d4 Nf6 2.c4 e6 3.Nf3 b6 4.e3 Bb7 5.Bd3 Bb4+ 6.Nbd2 Ne4 7.O-O f5 8.Qc2 Nxd2
9.Nxd2 O-O 10.e4 Bxd2 11.Bxd2 fxe4 12.Bxe4 Bxe4 13.Qxe4 Nc6 14.d5 exd5
15.Qxd5+ Kh8 16.Bc3 Qe8 17.Rad1 Rd8 18.Rd3 Qf7 19.Rg3 Ne7 20.Qg5 Nf5 21.Rf3
Qg6 22.Rxf5 {#r} 1-0

[Event "Ch Bayern"]
[Site "masterchessopen.com – Bayern (Germany)"]
[Round "0"]
[White "Saacke Bernd"]
[Black "Weigel Herbert (GER)"]
[Result "1-0"]
[WhiteElo "2355"]
[BlackElo "2118"]

1.d4 Nf6 2.c4 e6 3.Nf3 b6 4.e3 Bb7 5.Bd3 Be7 6.O-O O-O 7.b3 d5 8.Bb2 Nbd7
9.Nc3 c5 10.Qe2 Rc8 11.Rad1 Qc7 12.Ne5 Rfd8 13.f4 Ne4 14.Nb5 Qb8 15.Nxd7 Rxd7
16.Bxe4 dxe4 17.dxc5 Rxd1 18.Rxd1 Bxc5 19.Be5 {#r} 1-0

[Event "Ch Europe (juniors)"]
[Site "masterchessopen.com – Groningen (Netherlands)"]
[Round "8"]
[White "Motwani Paul (SCO)"]
[Black "Karolyi Tibor Jr (HUN)"]
[Result "1-0"]
[WhiteElo "2494"]
[BlackElo "2346"]

1.d4 Nf6 2.c4 e6 3.Nf3 b6 4.e3 Bb7 5.Bd3 c5 6.O-O Be7 7.Nc3 d5 8.cxd5 exd5
9.dxc5 bxc5 10.Bb5+ Kf8 11.b3 Nc6 12.Bb2 Qd6 13.Rc1 Rd8 14.Na4 Ne4 15.Nxc5
Nxc5 16.Ba3 Nb4 17.Bxb4 Qb6 18.Qd4 Ne6 19.Bxe7+ Kxe7 20.Qh4+ g5 21.Qa4 Rc8
22.Bd3 h6 23.Bf5 Rxc1 24.Rxc1 Rc8 25.Rd1 Rc3 26.h4 {#r} 1-0

[Event "Ch Europe (juniors)"]
[Site "masterchessopen.com – Groningen (Netherlands)"]
[Round "3"]
[White "Motwani Paul (SCO)"]
[Black "Pekarek Ales (CZE)"]
[Result "1-0"]
[WhiteElo "2494"]
[BlackElo "2406"]

1.d4 Nf6 2.c4 e6 3.Nf3 b6 4.e3 Bb7 5.Bd3 d5 6.O-O Bd6 7.Nc3 O-O 8.Qe2 Ne4
9.Nd2 Nxd2 10.Bxd2 dxc4 11.Bxc4 Qh4 12.f4 Nd7 13.e4 Bb4 14.a3 Bxc3 15.Bxc3 Nf6
16.Bd3 Rfd8 17.Rf3 c5 18.dxc5 bxc5 19.Bc2 a5 20.Rh3 Qxf4 21.Rf1 Qc7 22.Rxf6
gxf6 23.Qg4+ Kf8 24.Bxf6 {#r} 1-0

[Event "Olympiad"]
[Site "masterchessopen.com – Malta"]
[Round "0"]
[White "Christiansen Larry M (USA)"]
[Black "Campos Moreno Javier B (CHI)"]
[Result "1-0"]
[WhiteElo "2485"]
[BlackElo "2488"]

1.d4 Nf6 2.Nf3 e6 3.c4 b6 4.e3 Bb7 5.Bd3 c5 6.O-O Be7 7.b3 O-O 8.Bb2 cxd4
9.exd4 d5 10.Nbd2 Nc6 11.Rc1 Rc8 12.Qe2 Qd6 13.Rfd1 Rfd8 14.Ne5 dxc4 15.Ndxc4
Qb8 16.Bb1 Nb4 17.Re1 Rf8 18.Rc3 b5 19.Rh3 Nbd5 20.Nd7 Qc7 21.Bxh7+ {#r} 1-0

[Event "Ch Moscow (cat.13)"]
[Site "masterchessopen.com – Moscow (Russia)"]
[Round "0"]
[White "Savon Vladimir A (UKR)"]
[Black "Makarichev Sergey (RUS)"]
[Result "1-0"]
[WhiteElo "2485"]
[BlackElo "2505"]

1.Nf3 Nf6 2.c4 b6 3.d4 e6 4.e3 Bb7 5.Nc3 Be7 6.Bd3 d5 7.cxd5 exd5 8.O-O Nbd7
9.b3 O-O 10.Bb2 a6 11.Ne5 Bd6 12.f4 Ne4 13.Qc2 f5 14.Nxe4 fxe4 15.Be2 Kh8
16.Bc3 Qe7 17.b4 Nxe5 18.fxe5 Bxb4 19.Bxb4 Qxb4 20.Qxc7 Qd2 21.Rxf8+ Rxf8
22.Rf1 Qxe3+ 23.Kh1 Rg8 24.Bg4 Qxd4 25.Be6 {#r} 1-0

[Event "It (open)"]
[Site "masterchessopen.com – Reykjavik (Iceland)"]
[Round "9"]
[White "Frey Kenneth (MEX)"]
[Black "Josteinsson Leifur (ISL)"]
[Result "1-0"]
[WhiteElo "2384"]
[BlackElo "2230"]

1.Nf3 Nf6 2.c4 e6 3.d4 b6 4.e3 Bb7 5.Bd3 Bb4+ 6.Nbd2 Ne4 7.O-O Bxd2 8.Nxd2
Nxd2 9.Bxd2 Qh4 10.e4 O-O 11.Qe2 Nc6 12.Bc3 f5 13.g3 Qh3 14.f4 d5 15.cxd5 exd5
16.exf5 Bc8 17.Qf3 Rd8 18.g4 Qh6 19.Rae1 a5 20.Rf2 Qf6 21.Kg2 Qf7 22.Rfe2 Bd7
23.Bc2 Re8 24.Bb3 Rxe2+ 25.Rxe2 Qf6 26.Qxd5+ {#r} 1-0

[Event "It (open)"]
[Site "masterchessopen.com – Lugano (Switzerland)"]
[Round "9"]
[White "Defize Alain (BEL)"]
[Black "Rigo Janos (HUN)"]
[Result "0-1"]
[WhiteElo "2284"]
[BlackElo "2319"]

1.d4 Nf6 2.Nf3 e6 3.c4 b6 4.e3 Bb4+ 5.Nbd2 O-O 6.Bd3 d5 7.O-O Bb7 8.a3 Be7
9.b3 Ne4 10.Qc2 f5 11.Bb2 Nd7 12.Rad1 Rf6 13.Ne5 Rh6 14.f3 Nxe5 15.dxe5 Bc5
16.Rfe1 Qh4 17.h3 Ng5 {#R} 0-1

[Event "Ch World (juniors) (under 20)"]
[Site "masterchessopen.com – Kiljava (Finland)"]
[Date "1984.08.03"]
[Round "1"]
[White "Kekki Petri (FIN)"]
[Black "Wells Peter K (ENG)"]
[Result "0-1"]
[WhiteElo "2335"]
[BlackElo "2497"]

1.d4 Nf6 2.c4 e6 3.Nf3 b6 4.e3 Bb7 5.Bd3 Be7 6.O-O O-O 7.b3 c5 8.Bb2 d5 9.Nbd2
cxd4 10.exd4 Nc6 11.Qe2 Rc8 12.Rac1 Re8 13.Rfd1 Bf8 14.h3 g6 15.Qe3 Bg7 16.Ne5
Ne7 17.Ndf3 Nf5 18.Bxf5 exf5 19.Qf4 Ne4 20.Nd2 f6 21.Nd3 Bf8 22.f3 Bd6 23.Qh6
Ng3 24.Rc2 f4 {#R} 0-1

[Event "?"]
[Site "masterchessopen.com – Biel (Switzerland)"]
[Round "0"]
[White "Dizdarevic Emir (CRO)"]
[Black "Miles Anthony J (ENG)"]
[Result "0-1"]
[WhiteElo "2425"]
[BlackElo "2560"]

1.c4 b6 2.d4 e6 3.Nf3 Nf6 4.e3 Bb7 5.Bd3 d5 6.b3 Bd6 7.O-O O-O 8.Bb2 Nbd7
9.Nbd2 Ne4 10.Qc2 f5 11.Rad1 Nxd2 12.Nxd2 dxc4 13.Nxc4 Bxh2+ 14.Kxh2 Qh4+
15.Kg1 Bf3 16.Nd2 Bxg2 17.f3 Rf6 18.Nc4 Bh3 {#R} 0-1

[Event "It (cat.9)"]
[Site "masterchessopen.com – Frunze (Kyrgyzstan)"]
[Round "0"]
[White "Sturua Zurab (GEO)"]
[Black "Agzamov Georgy T (RUS)"]
[Result "0-1"]
[WhiteElo "2425"]
[BlackElo "2560"]

1.d4 Nf6 2.c4 e6 3.Nf3 b6 4.e3 Bb7 5.Bd3 d5 6.O-O Nbd7 7.Nc3 Bb4 8.Bd2 Bxc3
9.Bxc3 O-O 10.Rc1 c5 11.Qe2 Ne4 12.cxd5 Nxc3 13.Rxc3 Bxd5 14.dxc5 Nxc5 15.Bb1
Qf6 16.Nd4 a5 17.Rcc1 Rad8 18.Rfd1 Bb7 19.a3 a4 20.Qg4 Rd5 21.f4 Rfd8 22.Rf1
g6 23.Rc3 Kh8 24.h3 R5d7 25.Kh2 e5 26.fxe5 {#R} 0-1

[Event "It"]
[Site "masterchessopen.com – Delmenhorst (Germany)"]
[Round "0"]
[White "Wesseln Kai (GER)"]
[Black "Rigo Janos (HUN)"]
[Result "0-1"]
[WhiteElo "2335"]
[BlackElo "2365"]

1.d4 Nf6 2.c4 e6 3.Nf3 b6 4.e3 Bb7 5.Bd3 c5 6.O-O cxd4 7.exd4 Be7 8.b3 d6
9.Bb2 Nbd7 10.Nbd2 O-O 11.Re1 Re8 12.Rc1 {#R} 0-1

[Event "It (open)"]
[Site "masterchessopen.com – Nuernberg (Germany)"]
[Round "5"]
[White "Mueller Werner (GER)"]
[Black "Nagy Ervin (HUN)"]
[Result "1-0"]
[WhiteElo "2201"]
[BlackElo "2269"]

1.d4 Nf6 2.c4 e6 3.Nf3 b6 4.e3 Bb7 5.Bd3 d5 6.O-O Be7 7.Nc3 O-O 8.b3 Nbd7
9.Bb2 c5 10.Rc1 Rc8 11.Qe2 Re8 12.Rfd1 Bd6 13.cxd5 exd5 14.Ba6 Bxa6 15.Qxa6
cxd4 16.Rxd4 Nc5 17.Qf1 Ne6 18.Rdd1 Nc7 19.Nb5 Nxb5 20.Qxb5 Rxc1 21.Rxc1 Ng4
22.Rd1 Ne5 23.Nxe5 Bxe5 24.Rxd5 {#r} 1-0

[Event "Cup Rilton"]
[Site "masterchessopen.com – Stockholm (Sweden)"]
[Round "0"]
[White "Astrom Robert (SWE)"]
[Black "Callergard Robert (SWE)"]
[Result "0-1"]
[WhiteElo "2445"]
[BlackElo "2308"]

1.d4 Nf6 2.Nf3 b6 3.c4 e6 4.e3 Bb7 5.Bd3 Bb4+ 6.Nbd2 O-O 7.O-O c5 8.dxc5 Bxc5
9.a3 a5 10.b3 Nc6 11.Bb2 d5 12.cxd5 Qxd5 13.Qb1 Qh5 14.Bxf6 gxf6 15.Ne4 Be7
16.Ng3 Qh6 17.Rc1 Rac8 18.Rc4 Ne5 19.Nxe5 fxe5 20.Qb2 e4 21.Rxc8 Rxc8 22.Bxe4
Bf6 23.Qb1 Bxe4 24.Nxe4 Bxa1 25.Qxa1 Qg7 26.Nf6+ Qxf6 {#R} 0-1

[Event "It \"]
[Site "masterchessopen.com – Barcelona (Spain)"]
[Round "0"]
[White "Bellon Lopez Juan Manuel (ESP)"]
[Black "Campos Moreno Javier B (CHI)"]
[Result "1-0"]
[WhiteElo "2470"]
[BlackElo "2488"]

1.d4 e6 2.Nf3 Nf6 3.c4 b6 4.e3 Bb7 5.Bd3 c5 6.O-O Be7 7.b3 O-O 8.Bb2 cxd4
9.exd4 d5 10.Ne5 Nc6 11.Nxc6 Bxc6 12.Nd2 Qd7 13.Nf3 Qb7 14.Re1 dxc4 15.bxc4 b5
16.d5 exd5 17.cxb5 Be8 18.Nd4 Bb4 19.Re3 Bc5 20.Rh3 Bd7 21.Nf5 Qb6 22.Bxf6
Qxf6 23.Ne7+ Bxe7 24.Bxh7+ Kh8 25.Bg6+ {#r} 1-0

[Event "?"]
[Site "masterchessopen.com – Napoli (Italy)"]
[Round "0"]
[White "Vallifuoco Giovanni (ITA)"]
[Black "Aleksic Nenad (MNE)"]
[Result "1-0"]
[WhiteElo "2155"]
[BlackElo "2012"]

1.d4 Nf6 2.c4 e6 3.Nf3 b6 4.e3 Bb7 5.Bd3 c5 6.O-O Be7 7.b3 O-O 8.Bb2 d5 9.Nc3
Nc6 10.Rc1 cxd4 11.exd4 Rc8 12.Qe2 Qd6 13.Nb5 Qb8 14.Ne5 dxc4 15.bxc4 a6
16.Nxc6 Bxc6 17.Nc3 Bd6 18.d5 exd5 19.Nxd5 Bxd5 20.Bxf6 Be6 21.Bxh7+ Kxh7
22.Qh5+ Kg8 23.Qg5 {#r} 1-0

[Event "Ch Finland (open)"]
[Site "masterchessopen.com – Tampere (Finland)"]
[Round "0"]
[White "Kivimaki Jaakko (FIN)"]
[Black "Tammela Kari (FIN)"]
[Result "0-1"]
[WhiteElo "2184"]
[BlackElo "2186"]

1.d4 Nf6 2.Nf3 e6 3.c4 b6 4.e3 Be7 5.Bd3 Bb7 6.Nbd2 d5 7.Qc2 Nbd7 8.a3 dxc4
9.Nxc4 c5 10.Nce5 Rc8 11.Qa4 Qc7 12.Nxd7 Nxd7 13.dxc5 Bxc5 14.O-O Be7 15.Bb5
Bc6 16.Bxc6 Qxc6 17.Qxa7 Ra8 18.Nd4 Qc8 19.Qxa8 Qxa8 20.Bd2 O-O 21.Nb5 Bf6
22.Rfb1 Nc5 23.Ra2 Qa4 24.Nc3 Qb3 25.Rba1 Rd8 26.Be1 {#R} 0-1

[Event "It (open)"]
[Site "masterchessopen.com – Badenweiler (Germany)"]
[Round "0"]
[White "Muse Mladen (CRO)"]
[Black "Assmann Thomas (GER)"]
[Result "1-0"]
[WhiteElo "2443"]
[BlackElo "2335"]

1.d4 Nf6 2.Nf3 b6 3.c4 e6 4.e3 Bb7 5.Bd3 Bb4+ 6.Nbd2 c5 7.O-O cxd4 8.exd4 O-O
9.a3 Be7 10.Re1 d5 11.b3 Nc6 12.Bb2 Re8 13.Rc1 Rc8 14.c5 a5 15.Bb5 Nd7 16.Bxc6
Bxc6 17.b4 axb4 18.axb4 Rb8 19.b5 Bxb5 20.c6 Nc5 21.dxc5 bxc5 22.Ne5 Rc8
23.Qh5 g6 24.Qf3 f5 25.Qc3 Rb8 {#r} 1-0

[Event "Ch BRD (qual)"]
[Site "masterchessopen.com – BRD"]
[Round "0"]
[White "Muse Mladen (CRO)"]
[Black "Hein Andreas (GER)"]
[Result "1-0"]
[WhiteElo "2443"]
[BlackElo "1764"]

1.d4 Nf6 2.Nf3 e6 3.c4 b6 4.e3 Bb7 5.Bd3 Be7 6.Nc3 d5 7.O-O Nbd7 8.b3 c5 9.Bb2
a6 10.Rc1 Qb8 11.cxd5 exd5 12.Ne2 Bd6 13.Ng3 g6 14.Re1 O-O 15.Ng5 Qd8 16.Qf3
Rc8 17.Nf5 Bb8 18.Nh6+ Kg7 19.Qh3 Qe7 20.dxc5 Be5 21.Ba3 bxc5 22.f4 Bb8 23.Bb2
d4 24.exd4 {#r} 1-0

[Event "It (open) \"]
[Site "masterchessopen.com – Budapest (Hungary)"]
[Round "0"]
[White "Shestoperov Aleksej (RUS)"]
[Black "Gacso Tibor (HUN)"]
[Result "1-0"]
[WhiteElo "2388"]
[BlackElo "2094"]

1.d4 Nf6 2.Nf3 e6 3.c4 b6 4.e3 Bb7 5.Bd3 Bb4+ 6.Nbd2 Ne4 7.O-O f5 8.Qc2 Nxd2
9.Nxd2 O-O 10.a3 Bd6 11.f4 c5 12.d5 exd5 13.Bxf5 Bc6 14.cxd5 Bxd5 15.Be4 Bc6
16.Qc4+ Kh8 17.Bc2 Qf6 18.Qd3 Kg8 19.Nc4 Bc7 20.Ne5 Re8 21.Bb3+ Re6 22.Nxc6
Nxc6 23.Qxd7 {#r} 1-0

[Event "It (open)"]
[Site "masterchessopen.com – Buenos Aires (Argentina)"]
[Round "0"]
[White "Ricardi Pablo (ARG)"]
[Black "Van Riemsdijk Herman C (BRA)"]
[Result "1-0"]
[WhiteElo "2513"]
[BlackElo "2440"]

1.d4 Nf6 2.c4 e6 3.Nf3 b6 4.e3 Bb7 5.Bd3 d5 6.b3 Be7 7.O-O O-O 8.Bb2 c5 9.Qe2
Nc6 10.Nbd2 Rc8 11.Rac1 Rc7 12.Rfd1 cxd4 13.exd4 Qc8 14.a3 dxc4 15.bxc4 Rd8
16.Ne4 Na5 17.d5 exd5 18.Nxf6+ Bxf6 19.Bxf6 Re8 20.Qd2 gxf6 21.Qh6 f5 22.cxd5
Rxc1 23.Rxc1 Qd7 24.Ng5 Qxd5 25.Bf1 {#r} 1-0

[Event "It"]
[Site "masterchessopen.com – Ermua (Spain)"]
[Round "0"]
[White "Izeta Txabarri Felix (ESP)"]
[Black "Iruzubieta Jesus Maria (ESP)"]
[Result "1-0"]
[WhiteElo "2459"]
[BlackElo "2391"]

1.Nf3 Nf6 2.c4 e6 3.d4 b6 4.e3 Bb7 5.Bd3 d5 6.O-O Nbd7 7.b3 Bd6 8.Bb2 Ne4
9.Nc3 a6 10.Ne2 O-O 11.Rc1 Qe7 12.Ng3 Nxg3 13.hxg3 Rfd8 14.Qc2 Nf8 15.c5 {#r}
1-0

[Event "Olympiad"]
[Site "masterchessopen.com – Novi Sad (Yugoslavia)"]
[Round "0"]
[White "Ricardi Pablo (ARG)"]
[Black "Karkanaqe Ilir (ALB)"]
[Result "1-0"]
[WhiteElo "2513"]
[BlackElo "2377"]

1.d4 Nf6 2.c4 e6 3.Nf3 b6 4.e3 Bb7 5.Bd3 c5 6.O-O Be7 7.Nc3 cxd4 8.exd4 d5
9.cxd5 Nxd5 10.Ne5 O-O 11.Qg4 Nf6 12.Qh4 Ne4 13.Qh3 Qxd4 14.Bf4 Nf6 15.Ne2 Qd8
16.Rfd1 Bd5 17.Bg5 g6 18.Qh4 Re8 19.Nxf7 Kxf7 20.Bxf6 Kg8 21.Bxg6 {#r} 1-0

[Event "It (open) \"]
[Site "masterchessopen.com – Schwabisch Gmund (Germany)"]
[Round "0"]
[White "Pohl Walter (GER)"]
[Black "Jurek Josef (CZE)"]
[Result "0-1"]
[WhiteElo "2123"]
[BlackElo "2320"]

1.d4 Nf6 2.c4 e6 3.Nf3 b6 4.e3 Bb7 5.Bd3 d5 6.Nc3 Bd6 7.O-O O-O 8.b3 Nbd7
9.Bb2 Ne4 10.cxd5 exd5 11.Rc1 a6 12.Qe2 f5 13.Rfd1 Qf6 14.Qc2 Rae8 15.g3 Qh6
16.Bf1 Ndf6 17.h3 Nh5 18.Re1 Nexg3 19.fxg3 Bxg3 20.Re2 Rxe3 21.Bg2 Bf4 22.Rd1
Ng3 23.Rxe3 Bxe3+ 24.Kh2 Qf4 25.Bc1 Nf1+ 26.Kh1 Qh2+ {#R} 0-1

[Event "It"]
[Site "masterchessopen.com – Budapest (Hungary)"]
[Round "0"]
[White "Lukacs Peter (HUN)"]
[Black "Vadasz Laszlo (HUN)"]
[Result "1-0"]
[WhiteElo "2500"]
[BlackElo "2271"]

1.d4 Nf6 2.c4 e6 3.Nf3 b6 4.e3 Bb7 5.Nc3 Be7 6.Bd3 c5 7.O-O cxd4 8.exd4 O-O
9.d5 Bb4 10.Ne4 Be7 11.Re1 exd5 12.cxd5 Nxd5 13.Ng3 Nc7 14.Ne5 Ne8 15.Nf5 Bf6
16.Qg4 Kh8 17.Qh3 g6 18.Bh6 Ng7 19.Nxg7 Bxg7 20.Nxf7+ Rxf7 21.Bxg6 Qf8 22.Bxf7
Qxf7 23.Bxg7+ Kxg7 24.Qc3+ Kg8 25.Re3 h6 26.Qc7 {#r} 1-0

[Event "It \"]
[Site "masterchessopen.com – Budapest (Hungary)"]
[Round "9"]
[White "Csonkics Tunde (HUN)"]
[Black "Petran Pal (HUN)"]
[Result "0-1"]
[WhiteElo "2205"]
[BlackElo "2384"]

1.d4 Nf6 2.c4 e6 3.Nf3 b6 4.e3 Bb7 5.Bd3 d5 6.Nc3 Nbd7 7.O-O a6 8.b3 Bd6 9.Bb2
O-O 10.Rc1 Qe7 11.Qe2 Rfe8 12.e4 dxe4 13.Nxe4 Ba3 14.Bxa3 Qxa3 15.Ne5 Rad8
16.Nxd7 Nxd7 17.Rc3 Nf8 18.Qe3 f5 19.Ng3 Qxa2 20.c5 Ng6 21.Nh5 Qb2 22.Rfc1 b5
{#R} 0-1

[Event "Bundesliga 1990/91 (2nd)"]
[Site "masterchessopen.com – Germany"]
[Round "0"]
[White "Gabriel Robert (GER)"]
[Black "Baldauf Markus (GER)"]
[Result "1-0"]
[WhiteElo "2146"]
[BlackElo "2265"]

1.d4 Nf6 2.c4 e6 3.Nf3 b6 4.e3 Bb7 5.Bd3 Be7 6.O-O O-O 7.Nc3 d5 8.b3 c5 9.Bb2
cxd4 10.exd4 Nc6 11.Qe2 dxc4 12.bxc4 Nb4 13.Bb1 Rc8 14.Rd1 Ba6 15.Ne5 Nbd5
16.Bc2 Qc7 17.Bb3 Nxc3 18.Bxc3 Nd7 19.d5 exd5 20.Nxd7 Qxd7 21.Qb2 d4 22.Rxd4
Qc6 23.Rg4 g6 24.c5 Bxc5 25.Bh8 Bxf2+ 26.Kh1 {#r} 1-0

[Event "It (active) (b)"]
[Site "masterchessopen.com – Hungary"]
[Round "3"]
[White "Certek Pavel (SVK)"]
[Black "Varga Zalan (HUN)"]
[Result "0-1"]
[WhiteElo "2322"]
[BlackElo "2344"]

1.d4 Nf6 2.c4 e6 3.Nf3 b6 4.e3 Bb7 5.Bd3 c5 6.O-O Be7 7.Nc3 cxd4 8.exd4 d5
9.b3 Ne4 10.Bb2 Nxc3 11.Bxc3 O-O 12.Ne5 Nc6 13.f4 Rc8 14.Rc1 g6 15.Bb2 dxc4
16.Nxc6 Bxc6 17.bxc4 Bf6 18.Bb1 Qd7 19.Rf2 Rfd8 20.Rd2 Bg7 21.Qe2 Bb7 22.a3
Ba6 23.Ba2 Rc7 24.Qe3 Rdc8 25.Rdc2 Qa4 26.Bb3 Qa5 {#R} 0-1

[Event "It (open)"]
[Site "masterchessopen.com – Munich (Germany)"]
[Round "0"]
[White "Bachmayr Peter (GER)"]
[Black "Dautov Rustem (GER)"]
[Result "0-1"]
[WhiteElo "2344"]
[BlackElo "2595"]

1.d4 Nf6 2.Nf3 e6 3.c4 b6 4.e3 Bb7 5.Bd3 d5 6.O-O Bd6 7.b3 O-O 8.Bb2 Nbd7
9.Nc3 a6 10.Rc1 Qe7 11.Qc2 c5 12.cxd5 exd5 13.Rfd1 Rac8 14.Qe2 b5 15.dxc5 Nxc5
16.Bf5 Ne6 17.Qd3 Rfd8 18.Nd4 Rc7 19.Nce2 Nc5 20.Qb1 g6 21.Bh3 Nce4 22.Rxc7
Bxc7 23.g3 h5 24.Bg2 Ng4 25.f3 Nc3 {#R} 0-1

[Event "Ch World (juniors) (under 18)"]
[Site "masterchessopen.com – Duisburg (Germany)"]
[Round "0"]
[White "Pedersen Steffen (DEN)"]
[Black "Sakaev Konstantin (RUS)"]
[Result "0-1"]
[WhiteElo "2360"]
[BlackElo "2540"]

1.d4 Nf6 2.c4 e6 3.Nf3 b6 4.e3 Bb7 5.Bd3 Bb4+ 6.Nbd2 O-O 7.O-O c5 8.dxc5 Bxc5
9.e4 Nc6 10.e5 Ng4 11.Qe2 Qc7 12.Qe4 f5 13.exf6 Nxf6 14.Qe2 Nd4 15.Nxd4 Bxd4
16.Nb3 Qc6 17.Be4 {#R} 0-1